| 000 | 01538cam a22004694i 4500 | ||
|---|---|---|---|
| 003 | PE-LiUPU | ||
| 005 | 20250731173113.0 | ||
| 008 | 190103s2018 xxu r 001 0 eng d | ||
| 020 | _a9781501842399 | ||
| 020 | _a1501842390 | ||
| 035 | _a(Sirsi) a251289 | ||
| 040 |
_aPE-LiUPU _bspa _cPE-LiUPU _erda |
||
| 049 | _aPRUA | ||
| 082 | 0 | 4 |
_a251 _bW56 _221 |
| 100 | 1 |
_aWilson, Paul Scott, _eautor. |
|
| 245 | 1 | 4 |
_aThe four pages of the sermon : _ba guide to biblical preaching / _cPaul Scott Wilson. |
| 264 | 1 |
_aNashville : _bAbingdon Press, _c2018. |
|
| 300 |
_axiv, 265 páginas ; _c23 centímetros. |
||
| 336 |
_atext _2rdacontent |
||
| 337 |
_aunmediated _2rdamedia |
||
| 338 |
_avolume _2rdacarrier |
||
| 504 | _aÍndice: páginas 255-265. | ||
| 505 | 0 | _aGetting started: monday -- page one: tuesday -- page two: wednesday -- page thursday -- page four: friday -- varieties of sermons. | |
| 526 | _aSEG42 | ||
| 526 | _aSEG41 | ||
| 526 | _aSEG40 | ||
| 526 | _aSEG39 | ||
| 526 | _aP94 | ||
| 526 | _aP87 | ||
| 526 | _aP86 | ||
| 526 | _aP85 | ||
| 526 | _aP77 | ||
| 526 | _aP76 | ||
| 526 | _aP35 | ||
| 650 | 1 | 4 | _aPredicación. |
| 910 |
_adbm _bksl _cksl _d20190103 |
||
| 942 |
_2ddc _cBOOK |
||
| 994 |
_aC0 _bPEPRU |
||
| 596 | _a1 | ||
| 999 |
_a251 W56 _wDEWEY _c30708 _i79780 _f2021-11-10 _g4 _lCCODEBUL1 _mBUL _p20.99 _r0 _sY _tBOOK _u2019-1-3 _xTEOLOGIA _PP85 _0DONACION _1FCOMPR2 _d30708 |
||
| 980 |
_81 _gALBERTO SANCHEZ Responsable de Automatización |
||